Catálogo de los diarios y revistas existentes en la Hemeroteca Nacional / (Record no. 63043)
[ view plain ]
| 000 -LEADER | |
|---|---|
| campo de control de longitud fija | 00738nam a2200205 i 4500 |
| 001 - NÚMERO DE CONTROL | |
| campo de control | 63043 |
| 003 - IDENTIFICADOR DE NÚMERO DE CONTROL | |
| campo de control | ES-MaACL |
| 005 - FECHA Y HORA DE LA ÚLTIMA TRANSACCIÓN | |
| campo de control | 20230906164756.0 |
| 007 - CAMPO FIJO DE DESCRIPCIÓN FÍSICA--INFORMACIÓN GENERAL | |
| campo de control de longitud fija | t| |
| 008 - DATOS DE LONGITUD FIJA--INFORMACIÓN GENERAL | |
| campo de control de longitud fija | 031127s1949 sp c |||| | spa d |
| 110 2# - ENTRADA PRINCIPAL--NOMBRE DE ENTIDAD CORPORATIVA | |
| Nombre de entidad corporativa o nombre de jurisdicción como elemento de entrada | Hemeroteca Nacional ( |
| Sede del congreso/Lugar de la reunión | España) |
| 9 (RLIN) | 4563 |
| 245 10 - MENCIÓN DEL TÍTULO | |
| Título | Catálogo de los diarios y revistas existentes en la Hemeroteca Nacional / |
| Mención de responsabilidad, etc. | por Ramón Fernández Pousa. |
| 260 ## - PUBLICACIÓN, DISTRIBUCIÓN, ETC. | |
| Lugar de publicación, distribución, etc. | Madrid : |
| Nombre del editor, distribuidor, etc. | [s.n., |
| Fecha de publicación, distribución, etc. | 1949] ( |
| Fabricante | Pablo López) |
| 300 ## - DESCRIPCIÓN FÍSICA | |
| Extensión | 118 p. ; |
| Dimensiones | 21 cm. |
| 500 ## - NOTA GENERAL | |
| Nota general | Precede al tít.: Subsecretaría de Educación Popular. Hemeroteca Nacional. |
| 610 24 - PUNTO DE ACCESO ADICIONAL DE MATERIA--NOMBRE DE ENTIDAD CORPORATIVA | |
| Nombre de entidad corporativa o nombre de jurisdicción como elemento de entrada | Hemeroteca Nacional (España)- |
| Subdivisión de forma | Catálogos. |
| 9 (RLIN) | 162896 |
| 700 1# - ENTRADA AGREGADA--NOMBRE PERSONAL | |
| Nombre de persona | Fernández Pousa, Ramón |
| 9 (RLIN) | 50010 |
| 852 ## - LOCALIZACIÓN | |
| Ubicación | ES-MaACL |
| Número de control de estantería | D-7835 |
| Estatus retirado | Estado de pérdida | Estado de daño | No para préstamo | Biblioteca de origen | Biblioteca actual | Ubicación en estantería | Fecha de adquisición | Fuente de adquisición | Total de préstamos | Signatura topográfica completa | Código de barras | Visto por última vez | Precio de reemplazo | Tipo de ítem Koha |
|---|---|---|---|---|---|---|---|---|---|---|---|---|---|---|
| Biblioteca del Ateneo de Madrid | Biblioteca del Ateneo de Madrid | Sala Valle Inclán | 17/01/2008 | D-7835 | 901066091 | 23/02/2023 | 23/02/2023 | Libro impreso |
